A dictionary of politics / (Record no. 125475)

MARC details
000 -LEADER
fixed length control field 00595nam a22002057a 4500
005 - DATE AND TIME OF LATEST TRANSACTION
control field 20170124105955.0
010 ## - LIBRARY OF CONGRESS CONTROL NUMBER
LC control number 623371
020 ## - INTERNATIONAL STANDARD BOOK NUMBER
Terms of availability 00.00
International Standard Book Number 297000918
035 ## - SYSTEM CONTROL NUMBER
System control number 623371
037 ## - SOURCE OF ACQUISITION
Source of stock number/acquisition Cen Lib/Ret
040 ## - CATALOGING SOURCE
Original cataloging agency DPL
Language of cataloging EN
082 ## - DEWEY DECIMAL CLASSIFICATION NUMBER
Classification number 320.3
Item number DIC
245 ## - TITLE STATEMENT
Title A dictionary of politics /
Statement of responsibility, etc edited by Walter Laqueur
260 ## - PUBLICATION, DISTRIBUTION, ETC. (IMPRINT)
Place of publication, distribution, etc London
Name of publisher, distributor, etc Weidenfeld & Nicolson
Date of publication, distribution, etc 1971
270 ## - ADDRESS
City London
Address 5 winsley street
300 ## - PHYSICAL DESCRIPTION
Extent 593p
Dimensions 21cm(Hb)
650 ## - SUBJECT ADDED ENTRY--TOPICAL TERM
Topical term or geographic name as entry element Poltical science
Form subdivision Dictionaries
9 (RLIN) 14519
700 ## - ADDED ENTRY--PERSONAL NAME
Personal name Laqueur, Walter
9 (RLIN) 14486
942 ## - ADDED ENTRY ELEMENTS (KOHA)
Source of classification or shelving scheme Dewey Decimal Classification
Koha item type English Books
Classification part 320.03
Call number suffix DIC
Holdings
Withdrawn status Lost status Damaged status Not for loan Home library Current library Date acquired Source of acquisition Cost, normal purchase price Total Checkouts Full call number Barcode Date last seen Copy number Cost, replacement price Price effective from Koha item type
        Central Library Central Library 22/06/2015 Cen Lib/Ret 0.00   320.3 DIC 623371 22/06/2015 1 0.00 22/06/2015 English Books

© Delhi Public Library
Hit Counter
free hit counter